00460nam a2200145Ia 4500008004100000020001500041082001500056100000600071245002100077260007500098300001500173942001200188952009900200999001500299250817s9999 xx 000 0 und d a9991510427 a891.489DHI a_ 0aDhivehi Adheebun aMale MaldivesbDhivehi thareehah hidhumayeh kuraa gaumee marukazc2003 a"45p,20cm" cNF DHIV 96727aKFPLbKFPLcDHId2025-08-17l0o891.489DHIpKL-2024-004248r2025-08-17 13:56:32yNF DHIV c7485d7485